Music Quiz

Random Music or Album Quiz
Score 0/163 Timer 07:00
0 Plays Today
Answer % Correct
can
98.2%
you
98.2%
can
98.2%
can
98.2%
you
98.2%
can
98.2%
can
98.2%
You
98.2%
You
98.2%
can
98.2%
You
98.2%
You
98.2%
you
98.2%
you
98.2%
the
96.4%
can’t
96.4%
And
96.4%
can't
96.4%
hold
96.4%
my
96.4%
heart
96.4%
And
96.4%
can't
96.4%
hold
96.4%
my
96.4%
heart
96.4%
can't
96.4%
hold
96.4%
my
96.4%
heart
96.4%
And
96.4%
can't
96.4%
hold
96.4%
my
96.4%
heart
96.4%
a
96.4%
a
96.4%
a
96.4%
and
96.4%
hold
96.4%
hold
96.4%
more
92.7%
to
92.7%
no
92.7%
more
92.7%
to
92.7%
no
92.7%
more
92.7%
no
92.7%
more
92.7%
to
92.7%
no
92.7%
more
92.7%
to
92.7%
to
92.7%
Answer % Correct
for
90.9%
for
90.9%
it
89.1%
it
89.1%
we
89.1%
it
89.1%
we
89.1%
it
89.1%
we
89.1%
it
89.1%
We
89.1%
it
89.1%
there's
89.1%
say
89.1%
your
89.1%
fall
89.1%
there's
89.1%
say
89.1%
your
89.1%
fall
89.1%
We
89.1%
We
89.1%
we
89.1%
on
89.1%
your
89.1%
on
89.1%
Oh
87.3%
stay
87.3%
Oh
87.3%
now
87.3%
now
87.3%
nothing
87.3%
all
87.3%
arms
87.3%
nothing
87.3%
all
87.3%
arms
87.3%
(Chorus)
85.5%
I
85.5%
I'm
85.5%
I
85.5%
I'm
85.5%
I
85.5%
I
85.5%
awake
83.6%
One
83.6%
go
83.6%
at
83.6%
waiting
83.6%
at
83.6%
waiting
83.6%
hour
81.8%
maybe
81.8%
this
81.8%
pain
81.8%
Answer % Correct
know
81.8%
let
81.8%
know
81.8%
know
81.8%
in
80%
when
80%
admit
80%
but
80%
but
80%
but
80%
but
80%
numb
78.2%
change
76.4%
Pretend
76.4%
'Cause
74.5%
deep
74.5%
don’t
74.5%
livin'
74.5%
try
74.5%
it's
72.7%
wave
72.7%
it’s
72.7%
waves
70.9%
gonna
70.9%
work
70.9%
that
70.9%
Yeah
70.9%
runs
67.3%
How's
67.3%
sound
63.6%
fire
63.6%
down
61.8%
made
60%
through
60%
away
58.2%
fingertips
58.2%
out
56.4%
dying
56.4%
Tried
54.5%
drag
54.5%
tried
54.5%
close
54.5%
close
54.5%
city
52.7%
lost
52.7%
make
50.9%
got
50.9%
slipping
50.9%
had
43.6%
swept
41.8%
tryna
41.8%
constant
40%
beared
38.2%
Come Together.
Have Fun.
All Virtual.
We all need to come together. Play Sporcle's virtual live trivia to have fun, connect with people, and get your trivia on. Join a live hosted trivia game for your favorite pub trivia experience done virtually. If a virtual private party is more your thing, go here for details.

You're not logged in!

Compare scores with friends on all Sporcle quizzes.
OR
Log In

Sporcle TV

Today on Sporcle TV


Watch our educational content, quiz creation guides, and fun videos on Sporcle TV.

Show Comments

Extras

Top Quizzes Today


Score Distribution

Paid Content

Your Account Isn't Verified!

In order to create a playlist on Sporcle, you need to verify the email address you used during registration. Go to your Sporcle Settings to finish the process.

Report this User

Report this user for behavior that violates our Community Guidelines.

Details: